El secreto de Prometeo y otras historias sobre la Tabla Periódica de los Elementos
Saved in:
| Main Author: | |
|---|---|
| Format: | Book |
| Language: | Spanish |
| Published: |
s.l
Guadalmazán
2015
|
| Edition: | 1a. ed |
| Subjects: | |
| Tags: |
Add Tag
No Tags, Be the first to tag this record!
|
MARC
| LEADER | 00000cam a2200000 a 4500 | ||
|---|---|---|---|
| 001 | UCD9606 | ||
| 003 | CL-VaPUC | ||
| 008 | 170630e20150000sp |||||||||||||||||spa|d | ||
| 020 | |a 9788494155284 | ||
| 082 | 0 | 4 | |a 540 |b NAV |2 21 |
| 100 | |a Navarro Yáñez, Alejandro |e autor |9 593288 | ||
| 245 | 1 | 3 | |a El secreto de Prometeo y otras historias sobre la Tabla Periódica de los Elementos |
| 250 | |a 1a. ed | ||
| 300 | |a 276 p | ||
| 942 | |c BK | ||
| 945 | |d 20170630 21:31:00 |a dcastane | ||
| 260 | |a s.l |b Guadalmazán |c 2015 | ||
| 650 | 0 | |a Química |9 259896 | |
| 650 | 7 | |a HISTORIA DE LA QUIMICA |2 CL-VaPUC |9 535453 | |
| 650 | 0 | |a Filosofía de las ciencias |9 256466 | |
| 583 | |a last modification |c 20170630 21:31:00 |k Rodrigo Vera | ||
| 999 | |c 368707 |d 368705 | ||